سر التابوت الذهبى

محفوظ في:

المؤلف الرئيسي: Wahid Muhammad Shuaib.

مؤلفون آخرون: Hussein Al-Shafi’i.

التنسيق: كتاب

اللغة: Undetermined

منشور في: Al-Qāhirah : Dar nashr 'anba' rusia, 2016.

سلاسل: Egyptology 2

الوسوم: إضافة وسم

لا توجد وسوم, كن أول من يضع وسما على هذه التسجيلة!

رقم الطلب: DT87 .4 .P432

LEADER 00426nam a2200145Ia 4500
008 240329s9999||||xx |||||||||||||| ||und||
050 4 |a DT87 .4 .P432 
100 1 |a Wahid Muhammad Shuaib. 
245 1 0 |a سر التابوت الذهبى  |c Wahid Muhammad Shuaib 
264 1 |a Al-Qāhirah :  |b Dar nashr 'anba' rusia,  |c 2016. 
300 |a 261  |c 24 
490 0 |a Egyptology 2 
700 1 |a Hussein Al-Shafi’i. 
942 |2 lcc  |c BK 
999 |c 57854  |d 57854